000
00320nam a2200121 a 4500
005
20140414132015.0
008
110314s19uu xx 00 eng d
050
_a
TR
_b
B48 2000
100
_a
Larranaga, Ana Martin
245
_a
The big wide-mouthed frog.
260
_a
New York :
_b
Scholastic ,
_c
2000.
999
_c
113346
_d
113346